<?xml version="1.0" encoding="UTF-8"?><?xml-stylesheet type="text/xsl" href="static/style.xsl"?><OAI-PMH xmlns="http://www.openarchives.org/OAI/2.0/" xmlns:xsi="http://www.w3.org/2001/XMLSchema-instance" xsi:schemaLocation="http://www.openarchives.org/OAI/2.0/ http://www.openarchives.org/OAI/2.0/OAI-PMH.xsd"><responseDate>2026-04-17T14:19:02Z</responseDate><request verb="GetRecord" identifier="oai:www.recercat.cat:20.500.12694/7154" metadataPrefix="marc">https://recercat.cat/oai/request</request><GetRecord><record><header><identifier>oai:recercat.cat:20.500.12694/7154</identifier><datestamp>2025-12-18T12:09:31Z</datestamp><setSpec>com_2072_179042</setSpec><setSpec>col_2072_484474</setSpec></header><metadata><record xmlns="http://www.loc.gov/MARC21/slim" xmlns:dcterms="http://purl.org/dc/terms/" xmlns:xsi="http://www.w3.org/2001/XMLSchema-instance" xmlns:doc="http://www.lyncode.com/xoai" xsi:schemaLocation="http://www.loc.gov/MARC21/slim http://www.loc.gov/standards/marcxml/schema/MARC21slim.xsd">
   <leader>00925njm 22002777a 4500</leader>
   <datafield ind2=" " ind1=" " tag="042">
      <subfield code="a">dc</subfield>
   </datafield>
   <datafield ind2=" " ind1=" " tag="720">
      <subfield code="a">Segarra Hernández, Antoni</subfield>
      <subfield code="e">author</subfield>
   </datafield>
   <datafield ind2=" " ind1=" " tag="260">
      <subfield code="c">2022-06</subfield>
   </datafield>
   <datafield ind2=" " ind1=" " tag="520">
      <subfield code="a">Aquest treball planteja un estat de la qüestió sobre l'impacte dels NFTs en la indústria musical, amb l'objectiu de fer una aproximació conceptual per entendre la base sobre la qual es desenvolupen i veure l'impacte d'aquests en el ticketing, els drets de propietat intel·lectual i el finançament musical.&#xd;
Amb aquesta finalitat, el marc conceptual revisa la naturalesa dels NFTs i es fa una recerca sobre la seva incorporació en el ticketing, els drets de propietat intel·lectual i el finançament musical per a esbrinar el seu impacte en aquests sectors de la indústria musical. A les conclusions es descriuen una sèrie d'avantatges i reptes que afronten els NFTs per esdevenir un game changer en la indústria musical.</subfield>
   </datafield>
   <datafield ind2=" " ind1=" " tag="520">
      <subfield code="a">Este trabajo plantea un estado de la cuestión sobre el impacto de los NFTs en la industria musical, con el objetivo de hacer una aproximación conceptual para entender la base sobre la que se desarrollan y ver el impacto de estos en el ticketing, los derechos de propiedad intelectual y la financiación musical.&#xd;
Con esta finalidad, el marco conceptual revisa la naturaleza de los NFTs y realiza una investigación sobre su incorporación en el ticketing, los derechos de propiedad intelectual y la financiación musical, para averiguar su impacto en estos sectores de la industria musical. En las conclusiones se describen una serie de ventajas y retos que enfrentan los NFTs para convertirse en un game changer en la industria musical.</subfield>
   </datafield>
   <datafield ind2=" " ind1=" " tag="520">
      <subfield code="a">This work presents a study on the question regarding the impact of NFTs on the music industry, aiming to provide a conceptual approach to understand the basis on which they are developed and to examine their effects on ticketing, intellectual property rights, and music funding.&#xd;
To this end, the conceptual framework reviews the nature of NFTs, and an investigation is conducted into their incorporation into the music industry to assess their impact. The conclusions outline a series of advantages and challenges that NFTs present in becoming a game changer in the music industry.</subfield>
   </datafield>
   <datafield ind1="8" ind2=" " tag="024">
      <subfield code="a">http://hdl.handle.net/20.500.12694/7154</subfield>
   </datafield>
   <datafield tag="653" ind2=" " ind1=" ">
      <subfield code="a">TFG Producció i gestió</subfield>
   </datafield>
   <datafield tag="653" ind2=" " ind1=" ">
      <subfield code="a">NFTs</subfield>
   </datafield>
   <datafield tag="653" ind2=" " ind1=" ">
      <subfield code="a">Entrades d'espectacles musicals</subfield>
   </datafield>
   <datafield tag="653" ind2=" " ind1=" ">
      <subfield code="a">Propietat intel·lectual</subfield>
   </datafield>
   <datafield tag="653" ind2=" " ind1=" ">
      <subfield code="a">Música--Finançament</subfield>
   </datafield>
   <datafield tag="653" ind2=" " ind1=" ">
      <subfield code="a">Música--Indústria i comerç</subfield>
   </datafield>
   <datafield tag="653" ind2=" " ind1=" ">
      <subfield code="a">Consumidors--Hàbits i conducta</subfield>
   </datafield>
   <datafield ind2="0" ind1="0" tag="245">
      <subfield code="a">L'impacte dels NFT en la indústria musical : com afecten els NFT en els mercats de la indústria musical  : propietat intel·lectual, ticketing i finançament musical</subfield>
   </datafield>
</record></metadata></record></GetRecord></OAI-PMH>